000 00499nam a2200205Ia 4500
005 20250425161007.0
008 250425s9999 xx 000 0 und d
020 _a0878140573
041 _aeng
082 _a622.3382
100 _aMOORE, PRESTON L.
245 0 _aDRILLING PRACTICES MANUAL
250 _a1ST ED.
260 _aEstados Unidos
_bPETROLEUM PUBLISHING
_c1974
260 _aTULSA
300 _a448
650 _aPOZOS DE PETROLEO-PERFORACION
942 _c01
010 _a10191
999 _c200314
_d200314